| 000 | 00488pab a2200169 454500 | ||
|---|---|---|---|
| 008 | 180718b2009 xxu||||| |||| 00| 0 eng d | ||
| 100 | _aBunderson, J. Stuart | ||
| 245 | _aThe call of the wild: Zoopkeepers, callings, and the double-edged Sword of deeply meaningful work | ||
| 260 | _c2009 | ||
| 300 | _ap.32-57. | ||
| 362 | _aMar | ||
| 650 | _aWildlife conservation | ||
| 700 | _aThompson, Jeffery A. | ||
| 773 | _aAdministrative Science Quarterly | ||
| 908 | _aN | ||
| 909 | _a83513 | ||
| 999 |
_c83513 _d83513 |
||